000 00660nam a2200205Ia 4500
003 OSt
005 20230426093322.0
008 210423s2002 xx 000 0 und d
020 _a8173914478
040 _cAL
041 _aeng
082 _a659.10954 KHAK
_223
100 _aKHAN (Kaleem Mohammed);KHAN (Mohammed Naved).
_993100
245 _aFacets of Indian advertising and consumer behaviour: an empirical approach.
260 _aNew Delhi
_bKanishka Publishers Distributors
_c2002
300 _aviii,288
_bPB
365 _b595
_cINR
906 _aadvertising ; an ; approach. ; behaviour: ; consumer ; empirical ; Facets ; Indian
942 _2ddc
_cBK
999 _c161678
_d161678